000 00314nam a22001457a 4500
008 210511b ||||| |||| 00| 0 eng d
020 _a0664244718
041 _aeng
080 _a159.9
082 _a159.9
100 _a48
101 _aPSI
245 _aCoping with Your Anger
_cLester,A.D
942 _2udc
_cBK
999 _c57144
_d57144